| 000 | 01262cam a22003617a 4500 | ||
|---|---|---|---|
| 003 | CHAP | ||
| 005 | 20220817042325.0 | ||
| 008 | 971013s1972 r 00010 d | ||
| 010 | _a40859 | ||
| 011 | _a41831 | ||
| 035 | _a45957 | ||
| 040 | _cCHAP | ||
| 090 | _aTesis | ||
| 100 | 0 | 0 |
_aMoscardi C., Edgardo Rubén. _978994 |
| 245 | 0 |
_aRiesgo y transferencia de tecnología _b: estudio para el caso del Plan Puebla |
|
| 260 |
_aChapingo, Méx. : _bEl autor, _c1972 |
||
| 300 | _a68 h | ||
| 502 | _aTesis (M.C. Esp. en Economía Agrícola) -- ENA. Colegio de Postgraduados. Centro de Economía Agrícola | ||
| 590 |
_aALEPH _b10 _c20130110 _lUCH01 _h1310 |
||
| 590 |
_aBATCH-UPD _b10 _c20130110 _lUCH01 _h1101 |
||
| 590 |
_aBATCH-UPD _b10 _c20130410 _lUCH01 _h0655 |
||
| 590 |
_aBATCH-UPD _b10 _c20130914 _lUCH01 _h1916 |
||
| 590 |
_aCONVERSION _b10 _c20130109 _lUCH01 _h1323 |
||
| 650 | 1 | 4 |
_aAgricultura _xAspectos económicos. |
| 650 | 1 | 4 |
_aAgricultura _xInnovaciones tecnológicas. _91565 |
| 650 | 1 | 4 |
_aPlan Puebla. _988678 |
| 650 | 1 | 4 |
_aTransferencia de tecnología. _9114619 |
| 901 | _aBK | ||
| 942 | _cFOLL | ||
| 949 |
_bBC _cTES _d-104822 _eTS1 _i45957 _si |
||
| 949 |
_bBC _cTES _d-104823 _eTS2 _fc.2 _i45957 _si |
||
| 949 |
_bBC _cTES _d-104825 _eTS2 _fc.3 _i45957 _si |
||
| 999 |
_c40859 _d40859 |
||